Central Library, Doon University
WEBOPAC (ONLINE PUBLIC ACCESS CATALOGUE)

Introduction to Mathematical Methods (Record no. 60999)

MARC details
000 -LEADER
fixed length control field 00452nam a22001817a 4500
005 - DATE & TIME
control field 20260604122717.0
008 - FIXED-LENGTH DATA ELEMENTS--GENERAL INFORMATION
fixed length control field 260604b |||||||| |||| 00| 0 eng d
020 ## - ISBN
International Standard Book Number 9789352027194
Price 525.00
040 ## - CATALOGING SOURCE
Original cataloging agency Doon University
041 ## - Language
Language English
082 ## - DDC NUMBER
Classification number 510
Book Number BOS
100 ## - MAIN ENTRY--PERSONAL NAME
Personal name Bose, D.
245 ## - TITLE STATEMENT
Title Introduction to Mathematical Methods
260 ## - PUBLICATION, DISTRIBUTION, ETC. (IMPRINT)
Place of publication, distribution, etc Mumbai
Name of publisher, distributor, etc Himalaya
Date of publication, distribution, etc 2024
300 ## - PHYSICAL DESCRIPTION
Pages 435
650 ## - Subject
Subject Economics (PM USHA)
942 ## - ADDED ENTRY ELEMENTS (KOHA)
Koha item type Books
100 ## - MAIN ENTRY--PERSONAL NAME
-- 27012
650 ## - Subject
-- 26774
952 ## - LOCATION AND ITEM INFORMATION (KOHA)
-- 2026-06-04
952 ## - LOCATION AND ITEM INFORMATION (KOHA)
-- 2026-06-04
952 ## - LOCATION AND ITEM INFORMATION (KOHA)
-- 2026-06-04
952 ## - LOCATION AND ITEM INFORMATION (KOHA)
-- 2026-06-04
952 ## - LOCATION AND ITEM INFORMATION (KOHA)
-- 2026-06-04
Holdings
Withdrawn status Lost status Source of classification or shelving scheme Damaged status Not for loan Location (home branch) Sublocation or collection (holding branch) Date acquired Koha full call number Accession No. Koha date last seen Koha item type Koha issues (times borrowed)
        Not For Loan Doon University Doon University 04.06.2026 510 BOS 34498 04.06.2026 Reference  
          Doon University Doon University 04.06.2026 510 BOS 34499 04.06.2026 Books  
          Doon University Doon University 04.06.2026 510 BOS 34500 04.06.2026 Books  
          Doon University Doon University 04.06.2026 510 BOS 34501 04.06.2026 Books  
          Doon University Doon University 04.06.2026 510 BOS 34502 04.06.2026 Books  
Contact : +91-135-2533126 (Library),+91-135-2533105 (Admin Office) , Email : doonlibrary@gmail.com

Powered by Koha